000 00657nam a2200229Ia 4500
003 OSt
005 20221007080057.0
006 a|||||r|||| 00| 0
007 ta
008 221006b |||||||| |||| 00| 0 eng d
024 _a11,990
037 _cTextual
040 _aFLL
_cFLL
_beng
041 _2eng
_aeng
082 _aV2:2:9Z, L7
100 _aDiwan Paras Au.
245 0 _aAbrogation of forty-second amendment does our constitution need a second look
260 _aNew Delhi
_bSterling publishers pvt. ltd. India
_c1977
300 _a194p
_ccm.
942 _hV2:2:9Z, L7
_cTEXL
_2CC
999 _c1158299
_d1158299